00270nam a2200073Ia 4500008004100000082000800041100002300049245012400072240331s9999 xx 000 0 und d bNAI aUnited Nations. ed 4aThe Nairobi forward- looking strategies for the advancement of women :bequality, development and peace, Nairobi, Kenya